[Event "Bayern-ch 78th"]
[Site "Vaterstetten"]
[Date "2007.08.20"]
[Round "4"]
[White "Gschwendtner, Michael"]
[Black "Jorczik, Julian Marcel"]
[Result "1-0"]
[WhiteElo "2278"]
[BlackElo "2320"]
[PlyCount "55"]
[EventDate "2007.08.18"]
[EventType "swiss"]
[EventRounds "9"]
[EventCountry "GER"]
[SourceTitle "EXT 2015"]
[Source "ChessBase"]
[SourceDate "2014.11.20"]
[SourceVersion "1"]
[SourceVersionDate "2014.11.20"]
[SourceQuality "1"]

1. e4 c5 2. Nf3 e6 3. d4 cxd4 4. Nxd4 Nf6 5. Nc3 Nc6 6. Nxc6 bxc6 7. e5 Nd5 8. Ne4 Qa5+ 9. c3 Ba6 10. Bd3 Bxd3 11. Qxd3 Qc7 12. Qg3 0-0-0 13. 0-0 f5 14. Ng5 Re8 15. c4 Nb4 16. Nf7 Rg8 17. Bd2 Qb6 18. Rfc1 c5 19. Bxb4 Qxb4 20. a3 Qb6 21. b4 Kc7 22. Rd1 cxb4 23. axb4 Bxb4 24. c5 Bxc5 25. Rac1 Kb8 26. Rb1 Bb4 27. Nd6 Re7 28. Qh4 1-0

[Event "Oberliga Bayern 0506"]
[Site "Bayern"]
[Date "2006.03.12"]
[Round "8.5"]
[White "Smistik, Milan"]
[Black "Gschwendtner, Michael"]
[Result "1-0"]
[WhiteElo "2379"]
[BlackElo "2208"]
[PlyCount "71"]
[EventDate "2005.10.23"]
[EventType "team-tourn"]
[EventRounds "9"]
[EventCountry "GER"]
[SourceTitle "EXT 2007"]
[Source "ChessBase"]
[SourceDate "2006.11.23"]
[SourceVersion "1"]
[SourceVersionDate "2006.11.23"]
[SourceQuality "1"]
[WhiteTeam "Bamberg SC"]
[BlackTeam "Pasing"]
[WhiteTeamCountry "GER"]
[BlackTeamCountry "GER"]

1. e4 e6 2. d4 d5 3. Nc3 Bb4 4. e5 b6 5. Qg4 Bf8 6. a4 a5 7. f4 Nh6 8. Qg5 Ba6 9. Qxd8+ Kxd8 10. Nf3 Bxf1 11. Rxf1 Na6 12. Be3 Bb4 13. 0-0-0 Bxc3 14. bxc3 c6 15. Kd2 Rb8 16. Rb1 Kd7 17. h3 Nf5 18. g4 Nxe3 19. Kxe3 c5 20. f5 cxd4+ 21. Nxd4 Rhf8 22. fxe6+ fxe6 23. Rxf8 Rxf8 24. Rxb6 Nc5 25. Rd6+ Ke7 26. Nc6+ Kf7 27. Kd4 Nxa4 28. Nxa5 Rc8 29. c4 dxc4 30. Nxc4 Ke7 31. Ra6 Rd8+ 32. Nd6 Nb2 33. Rb6 Na4 34. Rb7+ Rd7 35. Rb4 Ra7 36. Nc8+ 1-0

[Event "Oberliga Bayern 0506"]
[Site "Bayern"]
[Date "2006.01.15"]
[Round "5.5"]
[White "Gschwendtner, Michael"]
[Black "Rother, Christoph"]
[Result "1-0"]
[WhiteElo "2208"]
[BlackElo "2275"]
[PlyCount "47"]
[EventDate "2005.10.23"]
[EventType "team-tourn"]
[EventRounds "9"]
[EventCountry "GER"]
[SourceTitle "EXT 2007"]
[Source "ChessBase"]
[SourceDate "2006.11.23"]
[SourceVersion "1"]
[SourceVersionDate "2006.11.23"]
[SourceQuality "1"]
[WhiteTeam "Pasing"]
[BlackTeam "Regensburg Fortuna"]
[WhiteTeamCountry "GER"]
[BlackTeamCountry "GER"]

1. e4 c5 2. Nf3 d6 3. d4 cxd4 4. Nxd4 Nf6 5. Nc3 a6 6. Be3 e6 7. g4 h6 8. f3 Nbd7 9. Qd2 Qc7 10. 0-0-0 Ne5 11. h4 Bd7 12. Qg2 Rc8 13. g5 Nh5 14. f4 Nc4 15. Bxc4 Qxc4 16. g6 e5 17. fxe5 dxe5 18. Nf3 Ba3 19. gxf7+ Kf8 20. Rd3 Bxb2+ 21. Kxb2 Qb4+ 22. Ka1 Rxc3 23. Qd2 Qxe4 24. Rxc3 1-0

[Event "BL2-Sued 0304"]
[Site "Germany"]
[Date "2004.??.??"]
[Round "?.6"]
[White "Rodewis, Thomas"]
[Black "Gschwendtner, Michael"]
[Result "1/2-1/2"]
[WhiteElo "2350"]
[BlackElo "2245"]
[PlyCount "98"]
[EventDate "2003.10.??"]
[EventType "team-tourn"]
[EventRounds "9"]
[EventCountry "GER"]
[SourceTitle "CBM 100 Extra"]
[Source "ChessBase"]
[SourceDate "2004.07.06"]
[SourceVersion "2"]
[SourceVersionDate "2004.07.06"]
[SourceQuality "1"]
[WhiteTeam "Bayern Muenchen"]
[BlackTeam "Pasing"]
[WhiteTeamCountry "GER"]
[BlackTeamCountry "GER"]

1. d4 d5 2. c4 dxc4 3. Nf3 c5 4. e3 e6 5. Bxc4 a6 6. 0-0 Nf6 7. Nc3 b5 8. Bd3 Nbd7 9. Qe2 Bb7 10. Rd1 Qb8 11. e4 cxd4 12. Nxd4 Bd6 13. Nf3 0-0 14. Bg5 Ng4 15. h3 Nge5 16. Nxe5 Bxe5 17. Bc2 Nf6 18. Rd2 h6 19. Be3 Bxc3 20. bxc3 Bxe4 21. Bd4 Bxc2 22. Rxc2 Nh7 23. Re1 Qf4 24. Be5 Qc4 25. Qxc4 bxc4 26. Rb2 Rfc8 27. Rb4 Rc6 28. Rd1 Nf8 29. Bg3 Re8 30. Rd4 Rec8 31. Rb7 f6 32. f4 Rc5 33. Bf2 Rb5 34. Ra7 Rb1+ 35. Kh2 Rb2 36. Bg1 Rxa2 37. Rd6 Rb2 38. Rdxa6 Rd8 39. Bd4 Rd5 40. Ra8 e5 41. fxe5 fxe5 42. Be3 Re2 43. Bxh6 gxh6 44. Rf6 Kg7 45. Rfxf8 e4 46. Rg8+ Kf7 47. Raf8+ Ke7 48. Re8+ Kf7 49. Rgf8+ Kg7 1/2-1/2

[Event "Oberliga Bayern 0203"]
[Site "Bayern"]
[Date "2003.02.09"]
[Round "6.6"]
[White "Gschwendtner, Michael"]
[Black "Rodewis, Thomas"]
[Result "0-1"]
[WhiteElo "2208"]
[BlackElo "2328"]
[PlyCount "84"]
[EventDate "2002.10.20"]
[EventType "team"]
[EventRounds "9"]
[EventCountry "GER"]
[SourceTitle "EXT 2004"]
[Source "ChessBase"]
[SourceDate "2003.11.25"]
[SourceVersion "1"]
[SourceVersionDate "2003.11.25"]
[SourceQuality "1"]
[WhiteTeam "Pasing"]
[BlackTeam "Bayern Muenchen"]
[WhiteTeamCountry "GER"]
[BlackTeamCountry "GER"]

1. e4 c5 2. Nc3 Nc6 3. Nf3 Nf6 4. e5 Ng4 5. Qe2 d6 6. exd6 e6 7. d4 cxd4 8. Nb5 Bxd6 9. Nfxd4 Nxd4 10. Nxd4 Bb4+ 11. Bd2 Qxd4 12. Qb5+ Bd7 13. Qxb4 Qxf2+ 14. Kd1 Ne3+ 15. Bxe3 Qxe3 16. Qxb7 0-0 17. Bd3 Rfd8 18. Re1 Qh6 19. a4 Rab8 20. Qxa7 Rxb2 21. Qc7 Rbb8 22. Ke2 Rbc8 23. Qg3 Rc5 24. Qe3 Qh5+ 25. Kf1 Ra8 26. Kg1 Rca5 27. Be4 R8a7 28. Rab1 g6 29. Kh1 Kg7 30. Bf3 Qc5 31. Qxc5 Rxc5 32. Be4 Rxa4 33. Bd3 Bc6 34. Kg1 e5 35. Ra1 Rxa1 36. Rxa1 e4 37. Bf1 Rxc2 38. Re1 Kf6 39. g3 Ke5 40. Bg2 f5 41. Ra1 g5 42. Ra5+ Bd5 0-1

[Event "BL2-Sued 0304"]
[Site "Germany"]
[Date "2003.??.??"]
[Round "?.3"]
[White "Gschwendtner, Michael"]
[Black "Gasthofer, Alexander"]
[Result "0-1"]
[WhiteElo "2245"]
[BlackElo "2410"]
[PlyCount "80"]
[EventDate "2003.10.??"]
[EventType "team-tourn"]
[EventRounds "9"]
[EventCountry "GER"]
[SourceTitle "CBM 100 Extra"]
[Source "ChessBase"]
[SourceDate "2004.07.06"]
[SourceVersion "2"]
[SourceVersionDate "2004.07.06"]
[SourceQuality "1"]
[WhiteTeam "Pasing"]
[BlackTeam "Bad Mergentheim"]
[WhiteTeamCountry "GER"]
[BlackTeamCountry "GER"]

1. e4 d6 2. Nc3 Nf6 3. f4 d5 4. e5 d4 5. exf6 dxc3 6. fxg7 cxd2+ 7. Qxd2 Qxd2+ 8. Bxd2 Bxg7 9. 0-0-0 Nc6 10. Bb5 Bg4 11. Nf3 0-0-0 12. Bxc6 bxc6 13. Be3 Bxf3 14. gxf3 a6 15. c3 h5 16. Rxd8+ Rxd8 17. Rd1 Rd6 18. Rxd6 exd6 19. Kc2 Kd7 20. Kd3 Ke6 21. b4 Kf5 22. a4 Bh6 23. a5 d5 24. Kd4 Bg7+ 25. Kd3 Bf8 26. Kd4 Bg7+ 27. Kd3 Bf8 28. Kd4 Ke6 29. Bd2 c5+ 30. bxc5 Bg7+ 31. Kd3 c6 32. Ke3 Kf5 33. Kf2 d4 34. cxd4 Bxd4+ 35. Kg3 Bxc5 36. Kh4 Bd6 37. Kxh5 Bxf4 38. Be1 Bxh2 39. Kh6 Be5 40. Bd2 Bf4+ 0-1

[Event "BL2-Sued 0304"]
[Site "Germany"]
[Date "2003.??.??"]
[Round "?.6"]
[White "Gschwendtner, Michael"]
[Black "Vonthron, Horst"]
[Result "1-0"]
[WhiteElo "2245"]
[BlackElo "2335"]
[PlyCount "85"]
[EventDate "2003.10.??"]
[EventType "team-tourn"]
[EventRounds "9"]
[EventCountry "GER"]
[SourceTitle "CBM 100 Extra"]
[Source "ChessBase"]
[SourceDate "2004.07.06"]
[SourceVersion "2"]
[SourceVersionDate "2004.07.06"]
[SourceQuality "1"]
[WhiteTeam "Pasing"]
[BlackTeam "Kirchheim"]
[WhiteTeamCountry "GER"]
[BlackTeamCountry "GER"]

1. d4 Nf6 2. c4 e6 3. Nc3 Bb4 4. Qb3 Nc6 5. Nf3 a5 6. e3 d6 7. Be2 Ne4 8. 0-0 Bxc3 9. bxc3 0-0 10. Qc2 f5 11. Nd2 Nxd2 12. Qxd2 e5 13. Ba3 e4 14. f3 Bd7 15. fxe4 fxe4 16. Rxf8+ Qxf8 17. Rf1 Qe7 18. Qc2 Re8 19. Qb3 Nd8 20. c5+ Be6 21. cxd6 cxd6 22. d5 Bf7 23. c4 Qe5 24. Bb2 Qg5 25. Qc3 Re5 26. Qd2 Re7 27. Rf4 Bh5 28. h4 Qg6 29. g4 Rf7 30. Qxa5 Rxf4 31. exf4 Bxg4 32. Qxd8+ Kf7 33. Qc7+ Kg8 34. Qb8+ Kf7 35. Qxb7+ Kg8 36. Qb8+ Kf7 37. Qa7+ Ke8 38. f5 Bxf5+ 39. Kh2 Bg4 40. Qb8+ Ke7 41. Qc7+ Ke8 42. c5 Bxe2 43. cxd6 1-0

[Event "Oberliga Bayern 0102"]
[Site "Bayern"]
[Date "2002.04.28"]
[Round "9.4"]
[White "Gschwendtner, Michael"]
[Black "Albeker, Mark"]
[Result "1-0"]
[WhiteElo "2160"]
[BlackElo "2135"]
[PlyCount "49"]
[EventDate "2001.10.07"]
[EventType "team"]
[EventRounds "9"]
[EventCountry "GER"]
[SourceTitle "EXT 2003"]
[Source "ChessBase"]
[SourceDate "2002.11.25"]
[SourceVersion "1"]
[SourceVersionDate "2002.11.25"]
[SourceQuality "1"]
[WhiteTeam "Pasing"]
[BlackTeam "Haunstetten"]
[WhiteTeamCountry "GER"]
[BlackTeamCountry "GER"]

1. e4 c6 2. d4 d5 3. exd5 cxd5 4. c4 Nf6 5. Nc3 Nc6 6. Bg5 dxc4 7. Bxc4 e6 8. Nf3 Be7 9. 0-0 0-0 10. a3 h6 11. Bh4 b6 12. Qd3 Bb7 13. Rad1 Nd5 14. Bxd5 Bxh4 15. Ba2 Bf6 16. Ne4 g6 17. d5 exd5 18. Bxd5 Kg7 19. Qc2 Nd4 20. Rxd4 Bxd4 21. Bxb7 Rb8 22. Bc6 Bf6 23. Rd1 Qe7 24. Rd7 Qe6 25. Rd6 1-0

[Event "Regionalliga SW 0001"]
[Site "Bayern"]
[Date "2001.03.11"]
[Round "7"]
[White "Hoy, Ralph"]
[Black "Gschwendtner, Michael"]
[Result "0-1"]
[WhiteElo "2010"]
[BlackElo "2180"]
[PlyCount "116"]
[EventDate "2000.10.15"]
[EventType "team-tourn"]
[EventRounds "9"]
[EventCountry "GER"]
[SourceTitle "EXT 2020"]
[Source "ChessBase"]
[SourceDate "2019.10.17"]
[SourceVersion "1"]
[SourceVersionDate "2019.10.17"]
[SourceQuality "1"]
[WhiteTeam "Klosterlechfeld"]
[BlackTeam "Pasing II"]
[WhiteTeamCountry "GER"]
[BlackTeamCountry "GER"]

1. e4 e5 2. Nf3 d6 3. Bc4 Be7 4. d4 exd4 5. Nxd4 Nf6 6. Nc3 0-0 7. 0-0 c5 8. Nde2 Be6 9. Bxe6 fxe6 10. Nf4 Qc8 11. Qd3 Nc6 12. Qc4 Nd4 13. Be3 Ng4 14. a4 Kh8 15. Qd3 Qd7 16. Bxd4 Rxf4 17. Ne2 Rf7 18. Bc3 d5 19. Qh3 Nf6 20. Nf4 d4 21. Ng6+ Kg8 22. Ne5 Qc8 23. Nxf7 Kxf7 24. Be1 e5 25. Qxc8 Rxc8 26. f3 c4 27. Bd2 Nd7 28. g3 g5 29. Kg2 Ke6 30. Rae1 Nc5 31. a5 Na4 32. b3 c3 33. Bc1 Nc5 34. Rd1 Na6 35. f4 gxf4 36. gxf4 Nb4 37. Rf2 Bh4 38. Re2 d3 39. cxd3 c2 40. Rf1 exf4 41. Bxf4 Nxd3 42. Bc1 h6 43. Rd2 Rc3 44. Rxd3 Rxd3 45. Bxh6 Rxb3 46. Rf8 Bf6 47. Rc8 Rc3 48. Rxc3 Bxc3 49. Bc1 Bxa5 50. Kf3 b5 51. Ke3 b4 52. Kd3 b3 53. h4 Bb4 54. h5 a5 55. h6 Bf8 56. h7 Bg7 57. Bh6 Kf7 58. Bf4 Kg6 0-1

[Event "Regionalliga SW 9900"]
[Site "Bayern"]
[Date "1999.??.??"]
[Round "3.2"]
[White "Gschwendtner, Michael"]
[Black "Weinberger, Wolfgang"]
[Result "0-1"]
[WhiteElo "2145"]
[BlackElo "2065"]
[PlyCount "72"]
[EventDate "1999.??.??"]
[EventType "team-tourn"]
[EventRounds "9"]
[EventCountry "GER"]
[SourceTitle "EXT 2020"]
[Source "ChessBase"]
[SourceDate "2019.10.17"]
[SourceVersion "1"]
[SourceVersionDate "2019.10.17"]
[SourceQuality "1"]
[WhiteTeam "Pasing II"]
[BlackTeam "Garching"]
[WhiteTeamCountry "GER"]
[BlackTeamCountry "GER"]

1. d4 Nf6 2. Nf3 b6 3. Bg5 Bb7 4. Nc3 d5 5. Ne5 e6 6. e3 Be7 7. Bb5+ c6 8. Bd3 Qc7 9. Qf3 Ba6 10. Rc1 0-0 11. Qg3 Bxd3 12. cxd3 Nh5 13. Qh4 Bxg5 14. Qxg5 Nf6 15. 0-0 Qd6 16. e4 Qb4 17. Nf3 Qxb2 18. e5 Nfd7 19. Qe7 c5 20. dxc5 Nxc5 21. d4 Nd3 22. Na4 Qb5 23. Nc3 Qc4 24. Qg5 Nxc1 25. Rxc1 Nc6 26. Ne4 Qd3 27. Nf6+ Kh8 28. Nh5 Rg8 29. Nf4 Qe4 30. Re1 h6 31. Rxe4 hxg5 32. Nxg5 Rgf8 33. Re3 Nxd4 34. Nxf7+ Rxf7 35. Rh3+ Kg8 36. Ng6 Rc7 0-1

[Event "Oberliga Bayern 9899"]
[Site "Bayern"]
[Date "1998.11.15"]
[Round "3.7"]
[White "Bischof, Robert"]
[Black "Gschwendtner, Michael"]
[Result "0-1"]
[WhiteElo "2070"]
[BlackElo "2170"]
[PlyCount "80"]
[EventDate "1998.10.11"]
[EventType "team-tourn"]
[EventRounds "9"]
[EventCountry "GER"]
[SourceTitle "EXT 2020"]
[Source "ChessBase"]
[SourceDate "2019.10.17"]
[SourceVersion "1"]
[SourceVersionDate "2019.10.17"]
[SourceQuality "1"]
[WhiteTeam "Pang/Rosenheim"]
[BlackTeam "Pasing"]
[WhiteTeamCountry "GER"]
[BlackTeamCountry "GER"]

1. d4 Nf6 2. Bg5 d5 3. Bxf6 exf6 4. e3 c6 5. c4 Qb6 6. Qc2 Na6 7. a3 Bf5 8. Qd2 Bxb1 9. c5 Nxc5 10. dxc5 Bxc5 11. b4 Bxe3 12. fxe3 Be4 13. Nf3 0-0 14. Qd4 Rfe8 15. Kf2 Qc7 16. Be2 a5 17. g3 b6 18. Rhc1 Rec8 19. Nd2 c5 20. Qc3 axb4 21. axb4 Rxa1 22. Rxa1 Bf5 23. Bf3 Be6 24. Nb3 Qe5 25. Rc1 Qxc3 26. Rxc3 cxb4 27. Rxc8+ Bxc8 28. Bxd5 Be6 29. e4 Bd7 30. Ke3 Kf8 31. Kd4 Ke7 32. Nd2 f5 33. Nc4 fxe4 34. Nxb6 f5 35. Bg8 Be6 36. Bxh7 Kf6 37. g4 g6 38. Na4 Kg7 39. Ke5 e3 40. Nb2 Bc4 0-1

[Event "Regionalliga SW 9798"]
[Site "Bayern"]
[Date "1998.??.??"]
[Round "?.1"]
[White "Baeurle, Stefan"]
[Black "Gschwendtner, Michael"]
[Result "1-0"]
[WhiteElo "1975"]
[BlackElo "2165"]
[PlyCount "55"]
[EventDate "1997.10.??"]
[EventType "team-tourn"]
[EventRounds "9"]
[EventCountry "GER"]
[SourceTitle "EXT 2020"]
[Source "ChessBase"]
[SourceDate "2019.10.17"]
[SourceVersion "1"]
[SourceVersionDate "2019.10.17"]
[SourceQuality "1"]
[WhiteTeam "Augsburg SG 1873"]
[BlackTeam "Pasing II"]
[WhiteTeamCountry "GER"]
[BlackTeamCountry "GER"]

1. Nf3 Nf6 2. c4 g6 3. Nc3 Bg7 4. e4 d6 5. d4 0-0 6. h3 c5 7. d5 e6 8. Bd3 exd5 9. exd5 Re8+ 10. Be3 Na6 11. 0-0 Nc7 12. a4 Na6 13. Qd2 Nb4 14. Bb1 Qe7 15. Bh6 Qf8 16. Bxg7 Qxg7 17. Qf4 Rd8 18. g4 Ne8 19. Kg2 Qf6 20. Qd2 h5 21. Ne4 Qh8 22. Qg5 Bd7 23. Ra3 hxg4 24. hxg4 Qxb2 25. Rc3 Ng7 26. Rh1 f5 27. Rh8+ Kxh8 28. Nf6 1-0

[Event "Regionalliga SW 9697"]
[Site "Bayern"]
[Date "1997.??.??"]
[Round "?"]
[White "Gschwendtner, Michael"]
[Black "Katzer, Joachim"]
[Result "1-0"]
[WhiteElo "2155"]
[BlackElo "1940"]
[PlyCount "113"]
[EventDate "1996.10.??"]
[EventType "team-tourn"]
[EventRounds "9"]
[EventCountry "GER"]
[SourceTitle "EXT 1999"]
[Source "ChessBase"]
[SourceDate "1998.11.16"]
[SourceVersion "1"]
[SourceVersionDate "1998.11.16"]
[SourceQuality "1"]
[WhiteTeam "Pasing II"]
[BlackTeam "Sendling SC"]
[WhiteTeamCountry "GER"]
[BlackTeamCountry "GER"]

1. e4 e6 2. d4 d5 3. Nc3 Bb4 4. e5 c5 5. a3 Bxc3+ 6. bxc3 Ne7 7. Nf3 b6 8. Bb5+ Bd7 9. Bd3 c4 10. Be2 Ba4 11. h4 h6 12. h5 Nbc6 13. Bf4 Kd7 14. Nh2 Qg8 15. Nf1 Qh7 16. Rc1 b5 17. Qd2 a5 18. Bf3 Rhb8 19. Ne3 Nf5 20. 0-0 Nfe7 21. Rb1 Ra7 22. Rb2 Rab7 23. Rfb1 Ke8 24. g4 Kf8 25. Bg3 Kg8 26. Bg2 Kh8 27. f4 g6 28. Bh4 gxh5 29. Bf6+ Kg8 30. gxh5 Nf5 31. Nxd5 exd5 32. Bxd5 b4 33. Qg2+ Kf8 34. Bxc6 Ne3 35. Qg7+ Qxg7+ 36. Bxg7+ Kxg7 37. Bxa4 bxa3 38. Rxb7 Rxb7 39. Ra1 Nd5 40. Rxa3 Nxf4 41. Kf2 Rb2 42. Kf3 Nd5 43. Ke4 Nb6 44. d5 f5+ 45. Kd4 f4 46. Bc6 f3 47. Ke3 Rxc2 48. Kxf3 a4 49. Ke3 Rb2 50. Kd4 Rb3 51. Ra1 a3 52. e6 Rb2 53. Rxa3 Kf6 54. Ra7 Nc8 55. Rf7+ Kg5 56. e7 Rd2+ 57. Kc5 1-0

[Event "Regionalliga SW 9697"]
[Site "Bayern"]
[Date "1997.??.??"]
[Round "?"]
[White "Gschwendtner, Michael"]
[Black "Stoer, Andreas"]
[Result "1/2-1/2"]
[WhiteElo "2155"]
[BlackElo "2140"]
[PlyCount "82"]
[EventDate "1996.10.??"]
[EventType "team-tourn"]
[EventRounds "9"]
[EventCountry "GER"]
[SourceTitle "EXT 1999"]
[Source "ChessBase"]
[SourceDate "1998.11.16"]
[SourceVersion "1"]
[SourceVersionDate "1998.11.16"]
[SourceQuality "1"]
[WhiteTeam "Pasing II"]
[BlackTeam "Kriegshaber SK"]
[WhiteTeamCountry "GER"]
[BlackTeamCountry "GER"]

1. d4 Nf6 2. c4 e6 3. Nc3 Bb4 4. Qc2 0-0 5. a3 Bxc3+ 6. Qxc3 b6 7. Bg5 Bb7 8. e3 c5 9. Nf3 h6 10. Bh4 d6 11. d5 exd5 12. Bxf6 Qxf6 13. Qxf6 gxf6 14. 0-0-0 d4 15. exd4 Be4 16. Bd3 Bg6 17. Bxg6 fxg6 18. dxc5 dxc5 19. Rd6 Na6 20. Nh4 Rad8 21. Rhd1 Rxd6 22. Rxd6 Kg7 23. Kc2 Rf7 24. Kc3 Nb8 25. b4 Rc7 26. g4 Nc6 27. Ng2 Kf7 28. bxc5 bxc5 29. Nf4 Ne5 30. h3 Rd7 31. Ra6 Rd4 32. Rxa7+ Ke8 33. Nd5 Rxc4+ 34. Kb3 Rc1 35. Nxf6+ Kd8 36. f4 c4+ 37. Ka4 Nd3 38. f5 gxf5 39. gxf5 Rb1 40. Ne4 Re1 41. Nd6 Rb1 1/2-1/2